| 000 | 00595cam a22002171 4500 | ||
|---|---|---|---|
| 001 | f 01001526 | ||
| 003 | DLC | ||
| 005 | 20260227111240.0 | ||
| 008 | 830513s1888 fr 000 1 fre | ||
| 010 | _af 01001526 | ||
| 035 | _a(OCoLC)9508927 | ||
| 040 |
_aDLC _cMH _dMH _dDLC |
||
| 042 | _apremarc | ||
| 050 | 0 | 0 |
_aPQ2407 _b.M4 1888 |
| 100 | 1 |
_aSand, George, _d1804-1876. |
|
| 245 | 1 | 0 |
_aMademoiselle Merquem, _cpar George Sand. |
| 250 | _aNouv. éd. | ||
| 260 |
_aParis, _bCalmann Lévy, _c1888. |
||
| 300 |
_a3 p. l., [3]-309 p. _c19 cm. |
||
| 500 | _aHalf-title: Œuvres de George Sand. | ||
| 999 |
_c22591 _d22591 |
||